Educación bancaria vs. formación integral (Registro nro. 66881)
[ vista simple ]
| 000 -LÍDER | |
|---|---|
| Campo fijo de descripción fija | 01145nab a2200217 i 4500 |
| 001 - NÚMERO DE CONTROL | |
| Campo de control | FUSBC |
| 003 - IDENTIFICADOR DEL NÚMERO DE CONTROL | |
| Campo de control | CO-MdFUSB |
| 005 - FECHA Y HORA DE LA ULTIMA TRANSACCIÓN | |
| control field | 20230111161103.0 |
| 008 - ELEMENTOS DE LONGITUD FIJA -- INFORMACIÓN GENERAL | |
| Campo fijo de descripción fija -- Información general | 210918b ck ||||| |||| 00| 0 spa d |
| 022 ## - NÚMERO INTERNACIONAL NORMALIZADO PARA PUBLICACIONES SERIADAS | |
| Número Internacional Normalizado para Publicaciones Seriadas | 10149341 |
| 040 ## - FUENTE DE CATALOGACIÓN | |
| Idioma de catalogación | spa |
| Agencia que realiza la transcripción | CO-MdFUSB |
| Agencia que realiza la modificación | CO-MdFUSB |
| 041 ## - CÓDIGO DE IDIOMA | |
| Código de idioma para texto/pista de sonido o título separado | spa |
| 100 ## - ASIENTO PRINCIPAL--NOMBRE PERSONAL | |
| Nombre personal | Kasper, Roberto |
| Término relacionador | autor |
| 245 #0 - TÍTULO | |
| Título | Educación bancaria vs. formación integral |
| Mención de responsabilidad | / Roberto Kasper |
| 300 ## - DESCRIPCIÓN FÍSICA | |
| Extensión | Número 42 (Enero - Junio, 2008), páginas 99-120 |
| Dimensiones | ; 22 cm |
| 520 ## - NOTA DE RESUMEN, ETC. | |
| Nota de sumario, etc. | La educación teológica tradicionalmente ha sido de tipo bancario, centrada en la transmisión del maestro a los alumnos de información que estos deben memorizar. Por cierto, la verdad bíblica se debe transmitir; pero la metodología bancaria no es la mejor para hacerlo. En vez de desarrollar un espíritu de humildad y servicio, perpetúa estructuras de poder, pues el graduado resulta creyendo que tiene autoridad para mandar en la iglesia. |
| 650 #7 - ASIENTO SECUNDARIO DE MATERIA - TERMINO TEMÁTICO | |
| 9 (RLIN) | 349 |
| Término temático o nombre geográfico como elemento de entrada | Educación cristiana |
| 690 ## - CAMPO LOCAL DE ACCESO TEMÁTICO | |
| Término temático o nombre geográfico como elemento de entrada | Positivismo |
| 773 0# - ASIENTO DE ITEM FUENTE | |
| Biblionumber | 49489 |
| Itemnumber | 79775 |
| Otro identificador del ítem | R2072 |
| Título | Kairós |
| Número de control del registro | (CO-MdFUSB)24 |
| Número Internacional Normalizado para Publicaciones Seriadas (ISSN) | 1014-9341 |
| Parte(s) relacionada(s) / Volumen., número. (mes año), páginas | Número 42 (enero - junio, 2008), páginas 99-120 |
| Enumeración y primera página | página 99 |
| 942 ## - TIPO DE MATERIAL (KOHA) | |
| Tipo de Item KOHA | Artículos de Revista |
No hay ítems disponibles.
